| 000 | 00434nam a2200145Ia 4500 | ||
|---|---|---|---|
| 008 | 191023s9999 xx 000 0 und d | ||
| 020 | _a9781305094147 | ||
| 100 | _aDurand, Mark V. | ||
| 245 |
_cMark V. Durand, David H. Barlow.-- _aEssentials of abnormal psychology / |
||
| 250 | _a7th ed | ||
| 260 |
_aUSA : _bCengage Learning _c2016 |
||
| 300 | _axxiv, 551 pages. | ||
| 650 | _aMental illness | ||
| 650 | _aPsychology, pathological | ||
| 999 |
_c362290 _d362290 |
||